[Event "Krefeld Easter op"]
[Site "Krefeld"]
[Date "2025.04.20"]
[Round "6"]
[White "Milonas, Fotios"]
[Black "Kartik, Arora"]
[Result "1/2-1/2"]
[WhiteElo "1756"]
[BlackElo "1468"]
[PlyCount "93"]
[EventDate "2025.04.17"]
[EventType "swiss"]
[EventRounds "9"]
[EventCountry "GER"]
[SourceTitle "CB17_2025"]
[SourceDate "2025.04.23"]
[SourceVersion "1"]
[SourceVersionDate "2025.04.23"]
[SourceQuality "1"]

1. d4 Nf6 2. c4 g6 3. Nf3 Bg7 4. g3 0-0 5. Bg2 d6 6. Nc3 Nbd7 7. Qc2 a6 8. 0-0 e5 9. dxe5 dxe5 10. Rd1 Qe7 11. b3 Re8 12. e4 b6 13. Bg5 Bb7 14. Nd5 Bxd5 15. Rxd5 c6 16. Rd2 h6 17. Bxf6 Bxf6 18. Rad1 Rad8 19. b4 Nb8 20. a3 Rxd2 21. Rxd2 Rd8 22. Bh3 Rxd2 23. Qxd2 Kg7 24. a4 c5 25. b5 Bg5 26. Qd5 axb5 27. axb5 Bf6 28. Qa8 Qd6 29. Bf1 Nd7 30. Qb7 Bd8 31. Qd5 Qxd5 32. exd5 f5 33. Ne1 Bg5 34. h4 Bd2 35. Nf3 Bc3 36. Kg2 Nf6 37. Ng1 g5 38. hxg5 hxg5 39. Ne2 Bd2 40. f3 Kf7 41. Ng1 Be3 42. Ne2 e4 43. Nc3 Bd4 44. Na4 Nd7 45. fxe4 fxe4 46. Kh3 Kf6 47. Be2 1/2-1/2

[Event "Krefeld Easter op"]
[Site "Krefeld"]
[Date "2025.04.19"]
[Round "4"]
[White "Kartik, Arora"]
[Black "Nezhyvenko, Mykhaylo"]
[Result "0-1"]
[WhiteElo "1468"]
[BlackElo "2155"]
[PlyCount "102"]
[EventDate "2025.04.17"]
[EventType "swiss"]
[EventRounds "9"]
[EventCountry "GER"]
[SourceTitle "CB17_2025"]
[SourceDate "2025.04.23"]
[SourceVersion "1"]
[SourceVersionDate "2025.04.23"]
[SourceQuality "1"]

1. e4 c6 2. d3 d5 3. Nd2 dxe4 4. dxe4 e5 5. Ngf3 Nd7 6. Bc4 Be7 7. 0-0 Ngf6 8. Re1 0-0 9. Nf1 b5 10. Bd3 Qb6 11. a4 a5 12. axb5 cxb5 13. Qe2 Ba6 14. h3 Bd6 15. Ng3 g6 16. Bg5 Rfc8 17. Nf1 Bf8 18. Bxf6 Nxf6 19. Nxe5 Bd6 20. Nf3 Nh5 21. Qd2 Bb4 22. Qe3 Bc5 23. Qd2 Bb4 24. c3 Bc5 25. Ne3 Nf4 26. c4 Bb4 27. Qc2 Bxe1 28. Rxe1 bxc4 29. Bf1 Qb3 30. Qxb3 cxb3 31. g3 Nd3 32. Bxd3 Bxd3 33. Nd5 Ra7 34. Re3 Bc2 35. Nd4 a4 36. Nb5 a3 37. bxa3 b2 38. Re1 Rb7 39. a4 b1Q 40. Rxb1 Bxb1 41. Kh2 Rd8 42. g4 Kg7 43. f3 Bc2 44. Nbc3 Ra7 45. g5 Bxa4 46. Kg3 Bc6 47. Kf4 Bxd5 48. exd5 Rc7 49. Ne4 Rxd5 50. Nf6 Rf5+ 51. Ke4 Rxf6 0-1

[Event "Krefeld Easter op"]
[Site "Krefeld"]
[Date "2025.04.19"]
[Round "5"]
[White "Weidert, Florian"]
[Black "Kartik, Arora"]
[Result "1-0"]
[WhiteElo "1884"]
[BlackElo "1468"]
[PlyCount "81"]
[EventDate "2025.04.17"]
[EventType "swiss"]
[EventRounds "9"]
[EventCountry "GER"]
[SourceTitle "CB17_2025"]
[SourceDate "2025.04.23"]
[SourceVersion "1"]
[SourceVersionDate "2025.04.23"]
[SourceQuality "1"]

1. e4 c6 2. Bc4 d5 3. Bb3 e6 4. d4 dxe4 5. Nc3 Nf6 6. Bg5 Be7 7. f3 exf3 8. Nxf3 0-0 9. 0-0 a5 10. a4 Na6 11. Bxf6 Bxf6 12. Ne4 Nc7 13. Nxf6+ Qxf6 14. Ne5 Qe7 15. Qh5 Nd5 16. Rf3 f6 17. Raf1 Bd7 18. Rh3 g5 19. Ng6 Qf7 20. Nxf8 Qxh5 21. Rxh5 Rxf8 22. Rh3 e5 23. Rhf3 e4 24. Rxf6 Re8 25. Rd6 Be6 26. Re1 Bf7 27. Rd7 e3 28. Rxb7 h5 29. Ra7 Kg7 30. Rxa5 Kg6 31. Rc5 Kf5 32. c4 Ke4 33. cxd5 cxd5 34. Rc3 Kxd4 35. Kf1 h4 36. Rd1+ Ke4 37. Ke1 Rd8 38. Rc7 Bh5 39. Re7+ Kf4 40. Rd4+ Kf5 41. Rxd5+ 1-0